English teaching perspectives
Saved in:
| Hovedforfatter: | |
|---|---|
| Format: | Bog |
| Sprog: | engelsk |
| Udgivet: |
Essex
Longman
1980
|
| Fag: | |
| Tags: |
Tilføj Tag
Ingen Tags, Vær først til at tagge denne postø!
|
MARC
| LEADER | 00000nam a2200000 a 4500 | ||
|---|---|---|---|
| 001 | UCQ7924 | ||
| 003 | CL-VaPUC | ||
| 008 | 981121e19800000uk |||||||||||||||||eng|d | ||
| 082 | 0 | 4 | |a 428.07 |b BYR |2 21 |
| 100 | 0 | |a Byrne, Donn |e author |9 421733 | |
| 245 | 1 | 0 | |a English teaching perspectives |
| 300 | |a 204 p | ||
| 942 | |c BK | ||
| 945 | |d 19981121 00:00:00 |a crobeson | ||
| 260 | |a Essex |b Longman |c 1980 | ||
| 650 | 0 | |a Inglés |9 260023 | |
| 650 | 0 | |a Enseñanza de idiomas |9 339820 | |
| 650 | 0 | |a Educación lingüística |9 306506 | |
| 583 | |a last modification |c 20171121 12:13:55 |k Rodrigo Vera | ||
| 999 | |c 277298 |d 277296 | ||
| 952 | |0 0 |1 0 |4 0 |6 428_070000000000000_BYR_1980 |7 0 |8 A |9 315184 |a FDOPOS |b FDOPOS |d 2019-11-20 |i 1493949 |o 428.07 BYR 1980 |p 1493949 |r 2025-01-22 |w 2019-11-20 |y BK |k MLA | ||